American Portraits.
| Main Author: | |
|---|---|
| Format: | Book |
| Language: | Undetermined |
| PhysicalDescription: | 318 s. |
| Published: |
New York
Hery Holt and Company
1946
|
MARC
| LEADER | 00000nam a2200000 a 4500 | ||
|---|---|---|---|
| 001 | vtls001356634 | ||
| 003 | SK-MaSNL | ||
| 005 | 20260301114947.0 | ||
| 008 | 240314s1946 xx 0 und | ||
| 035 | |a SNK000310120 | ||
| 040 | |a SNK |b slo |c SNK |e AACR2 | ||
| 100 | 1 | |a Kaufman, Enit |4 aut |9 459202 | |
| 245 | 1 | 0 | |a American Portraits. |
| 260 | |a New York |b Hery Holt and Company |c 1946 | ||
| 300 | |a 318 s. | ||
| 999 | |c 720410 |d 722340 | ||
| 952 | |t P60, <04>, [BOOK], {604} |a SNK |b SNK |y VYP |7 0 |p 17A0184608 |o snkIB 26068 |0 0 |1 0 |4 0 |d 1999-03-03 |l 0 |r 2005-01-02 00:00:00 |w 2026-02-23 | ||


